| 000 | 02166cam a22003614a 4500 | ||
|---|---|---|---|
| 001 | 14703060 | ||
| 005 | 20150127112130.0 | ||
| 008 | 070117s2008 stka b 001 0 eng | ||
| 010 | _a 2007002160 | ||
| 020 | _a9780443074295 (pbk.) | ||
| 020 | _a0443074291 | ||
| 020 | _a9789812728555 | ||
| 035 | _a(DNLM)101297495 | ||
| 040 |
_aDNLM/DLC _cDLC _dDLC |
||
| 042 | _apcc | ||
| 050 | 0 | 0 |
_aR 850 _b.P5 2010 |
| 060 | 1 | 0 |
_aW 20.5 _bP765i 2008 |
| 082 | 0 | 0 | _a610.72 |
| 100 | 1 | _aPolgar, Stephen. | |
| 245 | 1 | 0 |
_aIntroduction to research in the health sciences / _cStephen Polgar, Shane A. Thomas. |
| 250 | _a5th ed. | ||
| 260 |
_aEdinburgh ; _aNew York : _bElsevier, _c2010. |
||
| 300 |
_avii, 334 pages : _billustrations ; _c25 cm. |
||
| 504 | _aIncludes bibliographical references (301-303) and index. | ||
| 505 | 0 | _aMethods and health research: discussion, questions, and answers -- Research planning -- Sampling methods and external validity -- Causal research and internal validity: discussion, questions, and answers -- Experimental designs and intervention studies -- Surveys and quasi-experimental designs -- Single case (n=1) designs -- Qualitative research -- Questionnaire design -- Interview techniques and the analysis of interview data -- Observation -- Measurement: discussion, questions, and answers -- Organization and presentation of data -- Measures of central tendency and variability -- Standard scores and normal curve -- Correlation: discussion, questions, and answers -- Probability and sampling distributions -- Hypothesis testing -- Selection and use of statistical tests -- The interpretation of research evidence: Discussion, questions, and answers -- Qualitative data analysis -- Presentation of health science research -- Critical evaluation of published research -- Synthesis of research evidence. | |
| 650 | 0 |
_aMedicine _xResearch _xMethodology. |
|
| 650 | 1 | 2 |
_aBiomedical Research _xmethods. |
| 650 | 2 | 2 | _aResearch Design. |
| 700 | 1 | _aThomas, Shane A. | |
| 906 |
_a7 _bcbc _corignew _d1 _eecip _f20 _gy-gencatlg |
||
| 942 |
_2lcc _cBK |
||
| 999 |
_c278741 _d278741 |
||